zpět

Detail výsledku týmu

The PUB Praha 6 , Praha

Datum a čas kvízu

29 Celkem bodů Celkový počet nahraných bodů na tomto kvízu bez doplňovacích otázek.
6. Pořadí na kvízu Konečné umístění týmu na tomto kvízu.

Zaznamenané odpovědi

# Otázka Odpověď Body Výsledky
1. Minulé úterý jsme si mohli pov... autismus, modrá barva 0.5
2. Mezi Botswanou a jedním evrops... o Německu 1
3. V pátek se v plzeňském DEPO20... (Hudební cena) Žebřík 0
4. Od 1. 4. 2024 se mění podmínky... A 1
5. V pondělí odpoledne bylo oznám... Formule 1 1
6. Nobelovu cenu za objev krevníc... Jan Janský 1
7. Ve kterém orgánu lidského těla... ve slezině 0
8. Vyberte pravdivé tvrzení: D 0
9. Hemofilie je geneticky podmíně... Alexej; chromozom X 0
10. Někteří bezobratlí živočichové... hemolymfa; krvomíza 0